000 00426nab a2200145Ia 4500
003 ES-SlBCS
005 20210601144055.0
008 140529s1970 xxu||||| |||| 00| 0 spa d
041 _aspa
100 1 _aGonzález, Nazario
_92684
245 0 0 _aEl Congreso Mundial de Historia en Moscú
_c Nazario González
650 0 4 _aHistoria
_92130
773 0 _tRazon y Fe
_gvol. 182, nº. 874, 1970, págs. 381-390
_wRev337
942 _cAR
999 _c702618
_d702618